000 00850nam a2200277Ia 4500
001 Para_1218
003 CHAP
008 220125s1997 xx 000 0 und d
010 _a199944
040 _cCHAP
090 _aPA TESIS 1184
100 _aGutiérrez Salazar, Estrella Leticia
_951830
245 _aEfecto de sitemas de labranza sobre la humedad del suelo /
_c por Estrella Leticia Gutiérrez Salazar
260 _aChapingo, Méx. :
_b El autor
300 _a87 h.
502 _aTesis (Ing. Agr. Esp. Irrigación), UACh. Depto. de Irrigación
650 _aLabranza cero
_964307
710 _aUACh. Departamento de Irrigación
_9115874
901 _aPA TESIS 1184
902 _aA
905 _a0000001997 i 0000000000 00
910 _a1997
942 _cPARA
942 _cPARA
_d1
999 _c199944
_d199944